Etiqueta de registo: 01112ckm 02200289 04500
001 73067
003 http://id.bnportugal.gov.pt/bib/catbnp/73067
005 20000918174100.0
095 ## $aPTBN00075534
100 ## $a19840601d1984 am y0pora0103 ba
101 0# $apor
102 ## $aPT
200 1# $a7º Encontro de Coros Amadores da Área de Lisboa$bVisual gráfico]$fAssociação de Coros Amadores da Área de Lisboa
210 #9 $aLisboa$cACAAL,$d1984$e[Lisboa :$gImp. Direcção Geral de Divulgação])
215 ## $a1 cartaz$ccolor.$d63x45 cm
306 ## $aVariante: 24916 A.
330 ## $aDesenhos estilizados de grupos de pessoas
675 ## $a784(084.5)$vBN$zpor$3293026
675 ## $a061.3(469.411Lisboa)"1984"(084.5)$vBN$zpor$3313619
675 ## $a766(=1:469)"198"(084.5)$vBN$zpor$31302430
710 12 $aEncontro de Coros Amadores da Área de Lisboa,$d7,$eLisboa,$f1984$3214390
712 02 $aAssociação de Coros da Área de Lisboa$4557$357633
801 #0 $aPT$bBN$gRPC
856 40 $uhttps://purl.pt/8532
856 41 $uhttps://purl.pt/8532/service/media/cover/low
958 ## $aBND$bInterno$cDigitalizado
966 ## $lBN$mICONOG$sCT. 3032 A.$x1
998 ## $aCR137 - 00353
Etiqueta de registo: 00000nkm 2200025 450
001 2280483
003 http://id.bnportugal.gov.pt/bib/catbnp/2280483
100 ## $a20260316d1984 m y0pory01030103ba
101 0# $apor
102 ## $aPT
200 1# $a7.º Encontro de Coros Amadores da Área de Lisboa$bVisual gráfico]$fAssociação de Coros Amadores da Área de Lisboa
210 #9 $aLisboa$cAssociação de Coros Amadores da Área de Lisboa,$d1984
215 ## $a1 cartaz$ccolor.$d62x44,5 cm
306 ## $aVariante: 3032 A.
317 ## $aColeção Madeira Luís
710 12 $aEncontro de Coros Amadores da Área de Lisboa,$d7,$eLisboa,$f1984$3214390
712 02 $aAssociação de Coros Amadores da Área de Lisboa$4557$31302023
801 #0 $aPT$bBN$gRPC
966 ## $lBN$mICONOG$sCT. 24916 A.$x3
971 ## $cCaticonografia5$d20260316
995 ## $aPRR2026